| 000 | 00906nas a2200301 4500 | ||
|---|---|---|---|
| 001 | BR0901476 | ||
| 003 | BR-BrBNA | ||
| 005 | 20231205113228.0 | ||
| 007 | ta | ||
| 008 | 230509b bl.|||p| |||| 00| 00por d | ||
| 040 |
_aBR-BrBNA _bpor _cBiblioteca Nacional de Agricultura |
||
| 041 | _a(En) | ||
| 072 | _aL73 | ||
| 100 | 1 | _aZlotowski, P. | |
| 100 | 1 | _aCorrêa, A.M.R. | |
| 100 | 1 | _aBorba, M.R. | |
| 100 | 1 | _aCruz, C.E.F. | |
| 100 | 1 | _aDriemeier, D. | |
| 245 | 1 | _aEnteritis associated with Lawsonia intracellularis and porcine circovirus type 2 infection in wild boars in Southern Brazil | |
| 650 | _aJAVALI | ||
| 650 | _aANIMAL SELVAGEM | ||
| 650 | _aDOENÇA ANIMAL | ||
| 650 | _aANOREXIA | ||
| 650 | _aDIARRÉIA | ||
| 773 | 0 |
_tCiência Rural (Brazil) _xISSN 0103-8478 _g(Dec 2008), v. 38(9) p. 2540-2544 _wBR0901476 |
|
| 909 |
_a202311 _bLúcia _c55 _dLúcia Elande |
||
| 942 |
_2AGRIS _n0 _cANA |
||
| 999 |
_c202577 _d202577 |
||